Encylopedia of public relations / (Record no. 14889)
[ view plain ]
| 000 -LEADER | |
|---|---|
| fixed length control field | 00682cam a22002172 4500 |
| 001 - CONTROL NUMBER | |
| control field | 0000001828 |
| 005 - DATE AND TIME OF LATEST TRANSACTION | |
| control field | 20151217161130.0 |
| 008 - FIXED-LENGTH DATA ELEMENTS--GENERAL INFORMATION | |
| fixed length control field | 070328s xx 000 0 eng d |
| 020 ## - INTERNATIONAL STANDARD BOOK NUMBER | |
| International Standard Book Number | 0761927336 : |
| Terms of availability | KES 23,600 (set) |
| 040 ## - CATALOGING SOURCE | |
| Original cataloging agency | KABU |
| Transcribing agency | KABU |
| 050 #0 - LIBRARY OF CONGRESS CALL NUMBER | |
| Classification number | HD59 |
| Item number | .E53 |
| 245 10 - TITLE STATEMENT | |
| Title | Encylopedia of public relations / |
| Statement of responsibility, etc. | edited by Robert L. Heath. |
| 260 ## - PUBLICATION, DISTRIBUTION, ETC. (IMPRINT) | |
| Place of publication, distribution, etc. | London : |
| Name of publisher, distributor, etc. | Sage, |
| Date of publication, distribution, etc. | 2005. |
| 300 ## - PHYSICAL DESCRIPTION | |
| Extent | 2 v. |
| 650 #0 - SUBJECT ADDED ENTRY--TOPICAL TERM | |
| Topical term or geographic name as entry element | Public relations |
| Form subdivision | Encyclopedias. |
| -- | 0000150862 |
| 700 1# - ADDED ENTRY--PERSONAL NAME | |
| Personal name | Heath, Robert L. |
| -- | 0000150863 |
| 908 ## - PUT COMMAND PARAMETER (RLIN) | |
| Put command parameter | 070328 |
| 950 ## - LOCAL HOLDINGS (RLIN) | |
| -- | 1 |
| Withdrawn status | Lost status | Source of classification or shelving scheme | Not for loan | Home library | Current library | Date acquired | Total Checkouts | Full call number | Barcode | Date last seen | Price effective from | Koha item type |
|---|---|---|---|---|---|---|---|---|---|---|---|---|
| Library of Congress Classification | Not For Loan | Kabarak, Main Campus | Kabarak, Main Campus | 17/12/2015 | HD59 .E53 | 010068 | 17/12/2015 | 17/12/2015 | Reference | |||
| Library of Congress Classification | Not For Loan | Kabarak, Main Campus | Kabarak, Main Campus | 17/12/2015 | HD59 .E53 | 010069 | 17/12/2015 | 17/12/2015 | Reference |